Alternative art surfaces : (Record no. 19620)

MARC details
000 -LEADER
fixed length control field 01456cam a2200349 i 4500
001 - CONTROL NUMBER
control field 18349739
003 - CONTROL NUMBER IDENTIFIER
control field EG-ScBUE
005 - DATE AND TIME OF LATEST TRANSACTION
control field 20230711110936.0
008 - FIXED-LENGTH DATA ELEMENTS--GENERAL INFORMATION
fixed length control field 141027t2014 ohuoc f b 001 0 eng d
020 ## - INTERNATIONAL STANDARD BOOK NUMBER
International Standard Book Number 1440329443
020 ## - INTERNATIONAL STANDARD BOOK NUMBER
International Standard Book Number 9781440329449
040 ## - CATALOGING SOURCE
Original cataloging agency YDXCP
Language of cataloging eng
Description conventions rda
Transcribing agency YDXCP
Modifying agency BTCTA
-- GK8
-- OCO
-- TAC
-- VP@
-- OCLCF
-- UPZ
-- AU@
-- DLC
-- EG-ScBUE
082 04 - DEWEY DECIMAL CLASSIFICATION NUMBER
Classification number 702.81
Item number MCE
Edition number 22
100 1# - MAIN ENTRY--PERSONAL NAME
Personal name McElroy, Darlene Olivia,
Relator term author.
9 (RLIN) 38160
245 10 - TITLE STATEMENT
Title Alternative art surfaces :
Remainder of title mixed media techniques for painting on more than 35 different surfaces /
Statement of responsibility, etc Darlene Olivia McElroy, Sandra Duran Wilson.
250 ## - EDITION STATEMENT
Edition statement First edition.
264 #1 - PUBLICATION, DISTRIBUTION, ETC. (IMPRINT)
Place of publication, distribution, etc Ohio :
Name of publisher, distributor, etc North Light Books,
Date of publication, distribution, etc [2014]
264 #4 - PUBLICATION, DISTRIBUTION, ETC. (IMPRINT)
Date of publication, distribution, etc c2014
300 ## - PHYSICAL DESCRIPTION
Extent 143 pages :
Other physical details photographs, portraits ;
Dimensions 28 cm
336 ## - CONTENT TYPE
Source rdacontent
Content type term text
Content type code txt
337 ## - MEDIA TYPE
Source rdamedia
Media type term unmediated
Media type code n
338 ## - CARRIER TYPE
Source rdacarrier
Carrier type term volume
Carrier type code nc
504 ## - BIBLIOGRAPHY, ETC. NOTE
Bibliography, etc Includes bibliographical references and index.<br/>
520 ## - SUMMARY, ETC.
Summary, etc Mixed-media powerhouse duo Darlene Olivia McElroy and Sandra Duran Wilson more than 100 techniques for working on more than 35 unique surfaces, including galvanized tin, mica, rawhide, nylon, unsanded grout, slate, spray foam and more.
590 ## - LOCAL NOTE (RLIN)
Local note Sara elBakry
650 #7 - SUBJECT ADDED ENTRY--TOPICAL TERM
Topical term or geographic name as entry element Mixed media (Art)
Source of heading or term BUEsh
650 #7 - SUBJECT ADDED ENTRY--TOPICAL TERM
Topical term or geographic name as entry element Mixed media painting.
Source of heading or term BUEsh
653 ## - INDEX TERM--UNCONTROLLED
Resource For college Communication and mass media
Arrived date list June2015
-- July2015
655 ## - INDEX TERM--GENRE/FORM
Form subdivision Reading book
700 1# - ADDED ENTRY--PERSONAL NAME
Personal name Duran Wilson, Sandra,
Relator term author.
942 ## - ADDED ENTRY ELEMENTS (KOHA)
Source of classification or shelving scheme Dewey Decimal Classification
Call number prefix 702.81 MCE
Koha item type Book - Borrowing
Holdings
Withdrawn status Lost status Source of classification or shelving scheme Damaged status Not for loan Collection code Home library Current library Shelving location Date acquired Source of acquisition Cost, normal purchase price Serial Enumeration / chronology Total Checkouts Total Renewals Full call number Barcode Date last seen Date checked out Cost, replacement price Price effective from Koha item type
    Dewey Decimal Classification     Alahram Central Library Central Library Second Floor 11/06/2015   187.00 434 2 11 702.81 MCE 000038525 15/07/2025 26/09/2023 233.75 11/06/2015 Book - Borrowing